[Event "FRA-chT1A 0809"]
[Site "France"]
[Date "2008.10.19"]
[Round "1.5"]
[White "Vesin, Jean Robert"]
[Black "Lacour, Serge"]
[Result "1/2-1/2"]
[WhiteElo "2247"]
[BlackElo "2181"]
[PlyCount "152"]
[EventDate "2008.10.19"]
[EventType "team-tourn"]
[EventRounds "11"]
[EventCountry "FRA"]
[SourceTitle "EXT 2010"]
[Source "ChessBase"]
[SourceDate "2010.11.25"]
[SourceVersion "1"]
[SourceVersionDate "2010.11.25"]
[SourceQuality "1"]
[WhiteTeam "Besancon TPG"]
[BlackTeam "Lyon Olympique"]
[WhiteTeamCountry "FRA"]
[BlackTeamCountry "FRA"]

1. c4 Nf6 2. g3 g6 3. Bg2 Bg7 4. Nc3 d6 5. Nf3 0-0 6. 0-0 e5 7. d4 exd4 8. Nxd4 Nbd7 9. b3 Re8 10. Bb2 Nc5 11. Qc2 Re5 12. Nd5 Nxd5 13. cxd5 Bd7 14. Rac1 Qc8 15. Rfd1 Rh5 16. Bf3 Bg4 17. Bh1 Qf8 18. b4 Na6 19. Qc4 Re8 20. Rd2 Bh6 21. f4 Re3 22. Nc2 Re8 23. e4 Bg7 24. Ne3 Bxb2 25. Rxb2 Bd7 26. Bf3 Rh3 27. Qd4 Qg7 28. Qxg7+ Kxg7 29. Kg2 Rh6 30. h4 f5 31. Rc4 c5 32. dxc6 bxc6 33. Rd4 fxe4 34. Bg4 Bxg4 35. Nxg4 e3 36. Re2 Rh5 37. Rxd6 Rd5 38. Nf6 Rd8 39. Nxd5 Rxd6 40. Nxe3 Nxb4 41. Rb2 c5 42. a3 Nc6 43. Rb7+ Kg8 44. Rc7 Rd2+ 45. Kf3 Rd6 46. Kg4 h5+ 47. Kf3 Re6 48. f5 Nd4+ 49. Kf4 Ne2+ 50. Kf3 Nd4+ 51. Kf2 Rc6 52. Rxc6 Nxc6 53. fxg6 Kg7 54. Nd5 Kxg6 55. Nf4+ Kf5 56. Nxh5 c4 57. Ke3 Kg4 58. Nf4 Kxg3 59. h5 Ne5 60. Ng6 Nf7 61. Kd4 Kg4 62. Kxc4 Kxh5 63. Ne7 Kg5 64. Kd5 Kf6 65. Nc6 a6 66. a4 a5 67. Nxa5 Ke7 68. Kc6 Nd8+ 69. Kb6 Kd7 70. Nb7 Ne6 71. a5 Kc8 72. a6 Kb8 73. Nd6 Nc7 74. a7+ Ka8 75. Nc8 Nd5+ 76. Kc6 Ne7+ 1/2-1/2

[Event "Rhone op 4th"]
[Site "Rhone"]
[Date "2008.04.17"]
[Round "8"]
[White "Lacour, Serge"]
[Black "Zozulia, Anna"]
[Result "1/2-1/2"]
[WhiteElo "2150"]
[BlackElo "2332"]
[PlyCount "86"]
[EventDate "2008.04.12"]
[EventType "swiss"]
[EventRounds "9"]
[EventCountry "FRA"]
[SourceTitle "CBM 123 Extra"]
[Source "ChessBase"]
[SourceDate "2008.05.06"]
[SourceVersion "1"]
[SourceVersionDate "2008.05.06"]
[SourceQuality "1"]

1. d4 d6 2. c4 g6 3. Nc3 Bg7 4. e4 e6 5. Be2 Ne7 6. Be3 Nd7 7. h4 h5 8. Qd2 e5 9. f4 exd4 10. Bxd4 Nf6 11. Nh3 Nc6 12. Bg1 Bxh3 13. Rxh3 Qd7 14. 0-0-0 0-0-0 15. Rd3 Qe6 16. Bf3 Qxc4 17. Kb1 Qe6 18. Rc1 Kb8 19. a3 Rd7 20. Rd5 a6 21. Qf2 Ng4 22. Bxg4 hxg4 23. f5 gxf5 24. exf5 Qe7 25. Rdd1 d5 26. Re1 Qxh4 27. Re8+ Rd8 28. Qxh4 Rxh4 29. Rxd8+ Nxd8 30. Nxd5 Be5 31. Be3 Nc6 32. Rc4 f6 33. Kc2 Kc8 34. Bf2 Rh5 35. Rxg4 Rxf5 36. Bh4 b5 37. Rg7 Nd4+ 38. Kd3 Rf1 39. Rg8+ Kb7 40. Bxf6 Rd1+ 41. Ke4 Re1+ 42. Kd3 Rd1+ 43. Ke4 Re1+ 1/2-1/2

[Event "FRA-chT1B 0708"]
[Site "France"]
[Date "2007.11.24"]
[Round "2.7"]
[White "Lacour, Serge"]
[Black "Henneteau, Jeremie"]
[Result "0-1"]
[WhiteElo "2186"]
[BlackElo "2119"]
[PlyCount "86"]
[EventDate "2007.10.21"]
[EventType "team"]
[EventRounds "11"]
[EventCountry "FRA"]
[SourceTitle "EXT 2009"]
[Source "ChessBase"]
[SourceDate "2008.11.26"]
[SourceVersion "1"]
[SourceVersionDate "2008.11.26"]
[SourceQuality "1"]
[WhiteTeam "Lyon Olympique"]
[BlackTeam "Grasse"]
[WhiteTeamCountry "FRA"]
[BlackTeamCountry "FRA"]

1. d4 Nf6 2. c4 e6 3. Nf3 Bb4+ 4. Bd2 Qe7 5. g3 Nc6 6. Bg2 0-0 7. 0-0 Bxd2 8. Nbxd2 a5 9. e4 d6 10. e5 Nd7 11. Re1 dxe5 12. dxe5 Nc5 13. a3 Rd8 14. Qc2 h6 15. Rad1 Bd7 16. Nf1 Be8 17. g4 Rxd1 18. Rxd1 Rd8 19. h4 Rxd1 20. Qxd1 Qd7 21. Qc1 b6 22. Ng3 Nd3 23. Qe3 Nf4 24. Qc1 Nxg2 25. Kxg2 Nd4 26. Qf4 Nxf3 27. Kxf3 Qd1+ 28. Kg2 Bc6+ 29. Kh2 Qb3 30. g5 hxg5 31. hxg5 Qd3 32. Kg1 Qb1+ 33. Kh2 Qh7+ 34. Kg1 Qb1+ 35. Kh2 Qxb2 36. g6 fxg6 37. Kg1 Qb1+ 38. Kh2 Qd3 39. Qg5 Qd4 40. Kg1 Qd1+ 41. Kh2 Qd4 42. Kh3 Kf7 43. Ne2 Qxf2 0-1

[Event "Rhone op"]
[Site "Marcy Etoile"]
[Date "2007.04.03"]
[Round "3"]
[White "Sulava, Nenad"]
[Black "Lacour, Serge"]
[Result "1-0"]
[WhiteElo "2549"]
[BlackElo "2172"]
[PlyCount "61"]
[EventDate "2007.04.01"]
[EventType "swiss"]
[EventRounds "9"]
[EventCountry "FRA"]
[SourceTitle "CBM 117 Extra"]
[Source "ChessBase"]
[SourceDate "2007.05.09"]
[SourceVersion "1"]
[SourceVersionDate "2007.05.09"]
[SourceQuality "1"]

1. Nf3 c5 2. c4 Nc6 3. Nc3 g6 4. e3 d6 5. h3 Nf6 6. d4 Bg7 7. d5 Ne5 8. Nd2 0-0 9. f4 Ned7 10. Bd3 e6 11. 0-0 exd5 12. cxd5 a6 13. a4 Ne8 14. e4 Nc7 15. Nc4 Nf6 16. f5 Nh5 17. g4 Qh4 18. Rf3 Bd4+ 19. Kg2 gxf5 20. gxh5 Kh8 21. Bf4 Rg8+ 22. Kh2 fxe4 23. Nxe4 Bxh3 24. Rxh3 Qxf4+ 25. Kh1 Rg1+ 26. Qxg1 Bxg1 27. Rxg1 Rg8 28. Rf1 Qg4 29. Rh2 Nxd5 30. Ncxd6 Rg7 31. h6 1-0

[Event "FRA-chT1B 0607"]
[Site "France"]
[Date "2007.03.11"]
[Round "11.7"]
[White "Lacour, Serge"]
[Black "Figiel, Alexis"]
[Result "1-0"]
[WhiteElo "2165"]
[BlackElo "1750"]
[PlyCount "37"]
[EventDate "2006.10.15"]
[EventType "team"]
[EventRounds "11"]
[EventCountry "FRA"]
[SourceTitle "EXT 2008"]
[Source "ChessBase"]
[SourceDate "2007.11.25"]
[SourceVersion "1"]
[SourceVersionDate "2007.11.25"]
[SourceQuality "1"]
[WhiteTeam "Lyon Olympique"]
[BlackTeam "Paris Chess Club II"]
[WhiteTeamCountry "FRA"]
[BlackTeamCountry "FRA"]

1. d4 Nf6 2. c4 d6 3. Nc3 g6 4. e4 Bg7 5. Bd3 Nbd7 6. Nge2 0-0 7. 0-0 e5 8. d5 Nc5 9. Bc2 a5 10. a3 Bd7 11. Be3 Qe7 12. Qd2 Nfxe4 13. Bxe4 f5 14. Bc2 f4 15. Bxc5 dxc5 16. f3 b6 17. Rad1 Rf6 18. Ne4 Rff8 19. d6 1-0

[Event "FRA-chT1B 0607"]
[Site "France"]
[Date "2007.02.25"]
[Round "9.6"]
[White "Duquesnoy, Jean Philippe"]
[Black "Lacour, Serge"]
[Result "1/2-1/2"]
[WhiteElo "2258"]
[BlackElo "2165"]
[PlyCount "85"]
[EventDate "2006.10.15"]
[EventType "team"]
[EventRounds "11"]
[EventCountry "FRA"]
[SourceTitle "EXT 2008"]
[Source "ChessBase"]
[SourceDate "2007.11.25"]
[SourceVersion "1"]
[SourceVersionDate "2007.11.25"]
[SourceQuality "1"]
[WhiteTeam "Avignon"]
[BlackTeam "Lyon Olympique"]
[WhiteTeamCountry "FRA"]
[BlackTeamCountry "FRA"]

1. d4 Nf6 2. Bg5 d5 3. e3 e6 4. Bd3 c5 5. c3 Nbd7 6. f4 Qb6 7. Qc1 h6 8. Bh4 Bd6 9. Nf3 Qc7 10. 0-0 cxd4 11. cxd4 Qxc1 12. Rxc1 Ng4 13. Re1 g5 14. h3 gxh4 15. hxg4 Nf6 16. Nxh4 Rg8 17. Nc3 Bd7 18. Rac1 Ke7 19. Nf3 Nxg4 20. Ne5 f5 21. Nxg4 Rxg4 22. Be2 Rg7 23. Kf2 Rag8 24. Bf3 b5 25. Rh1 Rg6 26. Nb1 b4 27. Nd2 Bb5 28. Nb3 Bd3 29. Rh2 Be4 30. Rc6 h5 31. Ra6 h4 32. Rxa7+ Kf6 33. Nd2 Rc8 34. Bh5 Rg7 35. Rxg7 Kxg7 36. Bd1 Rc1 37. Nxe4 fxe4 38. Bb3 Be7 39. g3 hxg3+ 40. Kxg3 Re1 41. Kf2 Rb1 42. Kg3 Re1 43. Kf2 1/2-1/2

[Event "FRA-chT N1"]
[Site "France"]
[Date "2005.05.05"]
[Round "8.7"]
[White "Lacour, Serge"]
[Black "Romieux, Sebastien"]
[Result "1-0"]
[WhiteElo "2118"]
[BlackElo "2235"]
[PlyCount "49"]
[EventDate "2005.05.05"]
[EventType "team"]
[EventRounds "11"]
[EventCountry "FRA"]
[SourceTitle "EXT 2006"]
[Source "ChessBase"]
[SourceDate "2005.11.24"]
[SourceVersion "1"]
[SourceVersionDate "2005.11.24"]
[SourceQuality "1"]

1. d4 Nf6 2. c4 e6 3. Nf3 b6 4. Nc3 Bb7 5. Bg5 Bb4 6. e3 h6 7. Bh4 g5 8. Bg3 Ne4 9. Qc2 Nxg3 10. fxg3 g4 11. Nh4 Qg5 12. Qf2 Nc6 13. Bd3 0-0-0 14. 0-0 f5 15. c5 bxc5 16. a3 cxd4 17. axb4 Nxb4 18. exd4 Nxd3 19. Qe2 Nb4 20. Rxa7 c6 21. Kh1 Kb8 22. Rfa1 Nd5 23. Nxd5 exd5 24. Qd1 Rh7 25. Rxb7+ 1-0

[Event "FRA-chT2 0405"]
[Site "France"]
[Date "2004.11.06"]
[Round "2.4"]
[White "Lacour, Serge"]
[Black "Hoffmann, Regis"]
[Result "1-0"]
[WhiteElo "2118"]
[BlackElo "2143"]
[PlyCount "55"]
[EventDate "2004.10.10"]
[EventType "team"]
[EventRounds "11"]
[EventCountry "FRA"]
[SourceTitle "EXT 2006"]
[Source "ChessBase"]
[SourceDate "2005.11.24"]
[SourceVersion "1"]
[SourceVersionDate "2005.11.24"]
[SourceQuality "1"]

1. d4 d6 2. c4 g6 3. Nc3 Bg7 4. e4 Nc6 5. d5 Nd4 6. Be3 c5 7. Nge2 Nxe2 8. Bxe2 Nf6 9. 0-0 0-0 10. f4 a6 11. h3 Qc7 12. Qd2 b6 13. Bd3 e6 14. Rae1 Bd7 15. f5 exd5 16. exd5 b5 17. Bh6 Rae8 18. Ne4 Nxe4 19. Bxe4 Qd8 20. Bxg7 Kxg7 21. f6+ Kh8 22. Qh6 Rg8 23. Rf4 Rxe4 24. Rexe4 g5 25. Rf2 Rg6 26. Qh5 bxc4 27. Re7 Kg8 28. Rxf7 1-0

[Event "Le Touquet op 18th"]
[Site "Le Touquet"]
[Date "2003.10.27"]
[Round "2"]
[White "Lacour, Serge"]
[Black "Equey, Daniel"]
[Result "1-0"]
[WhiteElo "2138"]
[BlackElo "1952"]
[PlyCount "39"]
[EventDate "2003.10.26"]
[EventType "swiss"]
[EventRounds "9"]
[EventCountry "FRA"]
[SourceTitle "EXT 2004"]
[Source "ChessBase"]
[SourceDate "2003.11.25"]
[SourceVersion "1"]
[SourceVersionDate "2003.11.25"]
[SourceQuality "1"]

1. d4 Nf6 2. c4 g6 3. Nc3 d5 4. Nf3 Bg7 5. Bf4 0-0 6. Rc1 c6 7. e3 Nh5 8. Bg5 Bg4 9. cxd5 cxd5 10. Qb3 Nd7 11. Qxd5 Be6 12. Qxb7 Qa5 13. Qb5 Qc7 14. Bd3 Rab8 15. Qa4 Rxb2 16. 0-0 Rfb8 17. Nd5 Qd6 18. Nxe7+ Kf8 19. Nc8 Rxa2 20. Qxa2 1-0

[Event "Charleroi 2nd"]
[Site "Charleroi"]
[Date "2003.08.24"]
[Round "3"]
[White "Saiboulatov, Danial"]
[Black "Lacour, Serge"]
[Result "1/2-1/2"]
[WhiteElo "2366"]
[BlackElo "2139"]
[PlyCount "79"]
[EventDate "2003.08.22"]
[EventType "tourn"]
[EventRounds "9"]
[EventCountry "BEL"]
[EventCategory "4"]
[SourceTitle "EXT 2004"]
[Source "ChessBase"]
[SourceDate "2003.11.25"]
[SourceVersion "1"]
[SourceVersionDate "2003.11.25"]
[SourceQuality "1"]

1. e4 c5 2. Nf3 Nc6 3. d4 cxd4 4. Nxd4 e5 5. Nb5 a6 6. Nd6+ Bxd6 7. Qxd6 Qf6 8. Qxf6 Nxf6 9. Nc3 Nb4 10. Bd3 b5 11. b3 Bb7 12. Ba3 Nxd3+ 13. cxd3 d5 14. 0-0 dxe4 15. dxe4 0-0-0 16. Rfc1 Kb8 17. f3 Rd7 18. Bb4 Rc8 19. a4 Rd4 20. Ba5 bxa4 21. Nxa4 Rxc1+ 22. Rxc1 Nd7 23. Nb2 g6 24. Kf2 f5 25. Bc3 Rd6 26. Nc4 Re6 27. Rd1 Bc6 28. exf5 gxf5 29. Rd6 Rxd6 30. Nxd6 Bd5 31. Nxf5 Bxb3 32. Ke3 Kc7 33. g4 Kc6 34. h4 Bc2 35. Nh6 Kd5 36. g5 Bg6 37. Ng4 Ke6 38. Ba5 Kd5 39. Bc7 Ke6 40. Nf2 1/2-1/2

[Event "Charleroi 2nd"]
[Site "Charleroi"]
[Date "2003.08.23"]
[Round "2"]
[White "Lacour, Serge"]
[Black "Vandevoort, Pascal"]
[Result "0-1"]
[WhiteElo "2139"]
[BlackElo "2353"]
[PlyCount "26"]
[EventDate "2003.08.22"]
[EventType "tourn"]
[EventRounds "9"]
[EventCountry "BEL"]
[EventCategory "4"]
[SourceTitle "EXT 2004"]
[Source "ChessBase"]
[SourceDate "2003.11.25"]
[SourceVersion "1"]
[SourceVersionDate "2003.11.25"]
[SourceQuality "1"]

1. d4 Nf6 2. c4 g6 3. Nc3 Bg7 4. Nf3 0-0 5. Bg5 c5 6. d5 d6 7. Qd2 a6 8. e4 b5 9. cxb5 Qa5 10. bxa6 Nbd7 11. Be2 Bxa6 12. 0-0 Rfb8 13. Rab1 Nxe4 0-1

[Event "Reims ligue excellence"]
[Site "Reims"]
[Date "2003.06.08"]
[Round "4"]
[White "Oudot, Jean Baptiste"]
[Black "Lacour, Serge"]
[Result "1/2-1/2"]
[WhiteElo "2062"]
[BlackElo "2126"]
[PlyCount "72"]
[EventDate "2003.06.??"]
[EventType "swiss"]
[EventRounds "6"]
[EventCountry "FRA"]
[SourceTitle "EXT 2005"]
[Source "ChessBase"]
[SourceDate "2004.11.15"]
[SourceVersion "1"]
[SourceVersionDate "2004.11.15"]
[SourceQuality "1"]

1. e4 c5 2. Nf3 Nc6 3. d4 cxd4 4. Nxd4 e5 5. Nb5 a6 6. Nd6+ Bxd6 7. Qxd6 Qf6 8. Qd1 Qg6 9. Nc3 Nf6 10. f3 0-0 11. Be3 d5 12. Nxd5 Nxd5 13. Qxd5 Rd8 14. Qc5 Be6 15. g3 Rac8 16. Bd3 Qf6 17. 0-0 Bh3 18. Rf2 Nd4 19. Bxd4 Rxd4 20. Qa5 h5 21. Qd2 Qb6 22. b3 Qc5 23. Re1 Qc3 24. Qe3 b5 25. Qd2 Qxd2 26. Rxd2 b4 27. Kf2 a5 28. a3 a4 29. axb4 axb3 30. cxb3 Rc3 31. Ke2 Rxb3 32. b5 Bd7 33. Red1 Rdxd3 34. Rxd3 Bxb5 35. Ke3 Bxd3 36. Rxd3 Rb1 1/2-1/2

[Event "Lyon Rhone op"]
[Site "Lyon"]
[Date "2003.05.01"]
[Round "6"]
[White "Lacour, Serge"]
[Black "Guedon, Stephane"]
[Result "1/2-1/2"]
[WhiteElo "2126"]
[BlackElo "2233"]
[PlyCount "25"]
[EventDate "2003.04.26"]
[EventType "swiss"]
[EventRounds "9"]
[EventCountry "FRA"]
[SourceTitle "EXT 2004"]
[Source "ChessBase"]
[SourceDate "2003.11.25"]
[SourceVersion "1"]
[SourceVersionDate "2003.11.25"]
[SourceQuality "1"]

1. d4 Nf6 2. Nf3 e6 3. c4 b6 4. Nc3 Bb4 5. Qb3 c5 6. a3 Ba5 7. Bg5 h6 8. Bh4 Ba6 9. 0-0-0 Bxc3 10. Qxc3 cxd4 11. Rxd4 Qc7 12. e3 Rg8 13. Bg3 1/2-1/2

[Event "FRA-chT4 0102"]
[Site "Champagne Ardenne"]
[Date "2002.03.10"]
[Round "6"]
[White "Lacour, Serge"]
[Black "Le Bars, Yves"]
[Result "0-1"]
[WhiteElo "2143"]
[BlackElo "1820"]
[PlyCount "60"]
[EventDate "2002.10.??"]
[EventType "team"]
[EventRounds "7"]
[EventCountry "FRA"]
[SourceTitle "EXT 2005"]
[Source "ChessBase"]
[SourceDate "2004.11.15"]
[SourceVersion "1"]
[SourceVersionDate "2004.11.15"]
[SourceQuality "1"]

1. d4 d5 2. c4 c6 3. Nf3 Nf6 4. Nc3 dxc4 5. e4 b5 6. e5 Nd5 7. a4 e6 8. axb5 Nxc3 9. bxc3 cxb5 10. Ng5 Bb7 11. Qh5 Qd7 12. Nxh7 Qd5 13. Nf6+ gxf6 14. Qxh8 Qe4+ 15. Be2 Qxg2 16. Rf1 Nd7 17. exf6 Bf3 18. Be3 Bxe2 19. Kxe2 Qg6 20. Rfd1 Nxf6 21. d5 exd5 22. Ra6 Qg4+ 23. f3 Qg2+ 24. Bf2 0-0-0 25. Qxf6 Re8+ 26. Kd2 Qxf2+ 27. Kc1 Qe3+ 28. Rd2 Kb8 29. Qc6 Qxc3+ 30. Kd1 Qxf3+ 0-1

[Event "FRA-chT4 0102"]
[Site "Champagne Ardenne"]
[Date "2001.11.18"]
[Round "2"]
[White "Lacour, Serge"]
[Black "Picard, Serge"]
[Result "1-0"]
[WhiteElo "2143"]
[BlackElo "2010"]
[PlyCount "65"]
[EventDate "2002.10.??"]
[EventType "team"]
[EventRounds "7"]
[EventCountry "FRA"]
[SourceTitle "EXT 2005"]
[Source "ChessBase"]
[SourceDate "2004.11.15"]
[SourceVersion "1"]
[SourceVersionDate "2004.11.15"]
[SourceQuality "1"]

1. e4 e5 2. Nf3 Nc6 3. Bb5 a6 4. Ba4 Nf6 5. 0-0 Nxe4 6. d4 b5 7. d5 Ne7 8. Re1 f5 9. d6 cxd6 10. Bb3 Bb7 11. Nc3 Nxc3 12. bxc3 Qc7 13. Ba3 Ng6 14. Nd4 f4 15. c4 b4 16. Bb2 0-0-0 17. Nf5 Qc6 18. f3 Be7 19. Qd2 Rdf8 20. Nxe7+ Nxe7 21. Qxb4 Rf6 22. Ba4 Qc7 23. Rad1 Rg6 24. Bxe5 Qc5+ 25. Qxc5+ dxc5 26. Bxd7+ Kd8 27. Bc6+ Kc8 28. Bxb7+ Kxb7 29. Rd7+ Ka8 30. Rxe7 Rd8 31. Bxf4 Rd4 32. Rf7 a5 33. Re8+ 1-0

[Event "FRA-chT2"]
[Site "France"]
[Date "2001.10.??"]
[Round "1"]
[White "Burgy, Didier"]
[Black "Lacour, Serge"]
[Result "1/2-1/2"]
[WhiteElo "2187"]
[BlackElo "2143"]
[PlyCount "89"]
[EventDate "2002.??.??"]
[EventType "team"]
[EventRounds "11"]
[EventCountry "FRA"]
[SourceTitle "EXT 2003"]
[Source "ChessBase"]
[SourceDate "2002.11.25"]
[SourceVersion "1"]
[SourceVersionDate "2002.11.25"]
[SourceQuality "1"]

1. c4 Nf6 2. Nc3 g6 3. e4 d6 4. d4 Bg7 5. f3 0-0 6. Be3 e5 7. d5 Nh5 8. Qd2 Qh4+ 9. g3 Nxg3 10. Qf2 Nxf1 11. Qxh4 Nxe3 12. Ke2 Nxc4 13. Re1 Na6 14. b3 Nb6 15. Nh3 Bd7 16. Rhg1 Rae8 17. Nf2 c6 18. Rd1 cxd5 19. Nxd5 Nxd5 20. Rxd5 Nb4 21. Rxd6 Bb5+ 22. Kd2 f6 23. Qh3 f5 24. a4 Bc6 25. Kc3 a5 26. Rgd1 Rc8 27. Kb2 Be8 28. R1d2 Nc6 29. Rc2 Bf7 30. Rd7 Be6 31. Rxb7 Nd4 32. Rxc8 Rxc8 33. Qf1 Rc2+ 34. Kb1 Bh6 35. Qa6 Rc1+ 36. Kb2 Rc2+ 37. Kb1 Rc1+ 38. Kb2 Rc2+ 39. Kb1 Rxf2 40. Qa8+ Bf8 41. Rb8 Rf1+ 42. Kb2 Rf2+ 43. Kb1 Rf1+ 44. Kb2 Rf2+ 45. Kb1 1/2-1/2